| 000 | 00781nam a2200241Ia 4500 | ||
|---|---|---|---|
| 003 | OSt | ||
| 005 | 20220927105530.0 | ||
| 006 | a|||||r|||| 00| 0 | ||
| 007 | ta | ||
| 008 | 220926b |||||||| |||| 00| 0 eng d | ||
| 024 | _a170365 | ||
| 037 | _cReference Collections | ||
| 040 |
_aRTL _cRTL _beng |
||
| 041 |
_2eng _aeng |
||
| 082 | _a"V1N45,93:3(w:5)r, N4.2/UN" | ||
| 110 |
_a"United Nations, General Assembly" _9372993 |
||
| 245 | 0 |
_aReport of the Human Rights Committee _b" Official Records, Forty-Ninth session." |
|
| 260 |
_aNew _bYork U.N. _c1994 |
||
| 300 |
_ax; 364p. _ccm. |
||
| 700 |
_a"United Nations, General Assembly" _9372994 |
||
| 942 |
_h"V1N45,93:3(w:5)r, N4.2/UN" _cCC |
||
| 999 |
_c692868 _d692868 |
||